[Event "Makedonia Palace GP"]
[Site "Thessaloniki GRE"]
[Date "2013.05.29"]
[Round "7"]
[White "Ivanchuk, V."]
[Black "Grischuk, A."]
[Result "1/2-1/2"]
[WhiteElo "2755"]
[BlackElo "2779"]
[PlyCount "25"]
[EventDate "2013.05.22"]

1. Nf3 Nf6 2. c4 c5 3. Nc3 Nc6 4. g3 g6 5. Bg2 Bg7 6. O-O O-O 7. d4 cxd4 8.
Nxd4 Qa5 9. Nb3 Qh5 10. Bf3 Qh3 11. Bg2 Qh5 12. Bf3 Qh3 13. Bg2 1/2-1/2

[Event "Makedonia Palace GP"]
[Site "Thessaloniki GRE"]
[Date "2013.05.29"]
[Round "7"]
[White "Svidler, P."]
[Black "Ponomariov, R."]
[Result "1/2-1/2"]
[WhiteElo "2769"]
[BlackElo "2742"]
[PlyCount "50"]
[EventDate "2013.05.22"]

1. d4 d5 2. c4 dxc4 3. e4 e5 4. Nf3 Bb4+ 5. Nc3 exd4 6. Nxd4 Ne7 7. Bxc4 Nbc6
8. Be3 O-O 9. O-O Nxd4 10. Bxd4 Nc6 11. a3 Qxd4 12. Qxd4 Nxd4 13. axb4 Be6 14.
Bxe6 Nxe6 15. b5 f5 16. exf5 Rxf5 17. Rfd1 a5 18. bxa6 Rxa6 19. Rxa6 bxa6 20.
f3 Kf7 21. Kf2 Rc5 22. Ke3 Re5+ 23. Kf2 Rc5 24. Ke3 Re5+ 25. Kf2 Rc5 1/2-1/2

[Event "Makedonia Palace GP"]
[Site "Thessaloniki GRE"]
[Date "2013.05.29"]
[Round "7"]
[White "Kasimdzhanov, R."]
[Black "Kamsky, G."]
[Result "0-1"]
[WhiteElo "2699"]
[BlackElo "2741"]
[PlyCount "62"]
[EventDate "2013.05.22"]

1. d4 f5 2. Nf3 Nf6 3. g3 g6 4. Bg2 Bg7 5. O-O O-O 6. c4 d6 7. Nc3 c6 8. b3 a5
9. Bb2 Na6 10. d5 Bd7 11. Nd4 cxd5 12. Nxd5 Nc5 13. Rb1 Nfe4 14. e3 Rc8 15. h4
Rf7 16. Ba1 h6 17. a4 g5 18. hxg5 hxg5 19. g4 e6 20. Nc3 Nxc3 21. Bxc3 f4 22.
Re1 b6 23. Rc1 Qf8 24. Nf3 Bxc3 25. Rxc3 Qg7 26. Rc1 Bc6 27. exf4 gxf4 28. g5
e5 29. Qxd6 e4 30. Ne5 Qxg5 31. Nxf7 Kxf7 0-1

[Event "Makedonia Palace GP"]
[Site "Thessaloniki GRE"]
[Date "2013.05.29"]
[Round "7"]
[White "Nakamura, Hi"]
[Black "Topalov, V."]
[Result "1-0"]
[WhiteElo "2775"]
[BlackElo "2793"]
[PlyCount "147"]
[EventDate "2013.05.22"]

1. e4 c5 2. Nf3 d6 3. d4 cxd4 4. Nxd4 Nf6 5. Nc3 a6 6. Be2 e5 7. Nb3 Be7 8. O-O
O-O 9. Be3 Be6 10. Qd3 Nbd7 11. Nd5 Bxd5 12. exd5 Nc5 13. Nxc5 dxc5 14. Bf3 Qc7
15. c4 g6 16. Rae1 h5 17. Bg5 Ne8 18. Bxe7 Qxe7 19. Qe3 Nd6 20. b3 Rfc8 21.
Qxe5 Qxe5 22. Rxe5 Re8 23. Rxe8+ Rxe8 24. Rc1 a5 25. Kf1 Kg7 26. h4 b6 27. g3
Kf6 28. Be2 Re7 29. Rc3 Re8 30. Ke1 Ra8 31. Bd1 Re8+ 32. Kf1 Ke5 33. Bc2 Kf6
34. f3 Re7 35. Kf2 Re8 36. Re3 Rxe3 37. Kxe3 Kg7 38. Kf4 f6 39. g4 a4 40. Bd3
axb3 41. axb3 Kh6 42. g5+ Kg7 43. gxf6+ Kxf6 44. Ke3 g5 45. hxg5+ Kxg5 46. f4+
Kh6 47. Kf3 Kg7 48. Kg3 Kh6 49. Kh4 Ne8 50. f5 Nd6 51. f6 Nf7 52. Be2 Nd6 53.
Bxh5 b5 54. cxb5 Nxb5 55. Be2 Nd4 56. Bh5 Nxb3 57. d6 Nd4 58. d7 Ne6 59. Bg4
Nd8 60. Bf5 c4 61. Kg4 c3 62. Kf4 Nf7 63. Bd3 Nd8 64. Bc2 Kh5 65. Kf5 Kh6 66.
Bb3 Kh7 67. Kg5 Nc6 68. Ba4 Nd8 69. Bc2+ Kg8 70. Kg6 Kf8 71. Bb3 Nc6 72. Kf5
Nd8 73. Ke5 Nb7 74. Kd4 1-0

[Event "Makedonia Palace GP"]
[Site "Thessaloniki GRE"]
[Date "2013.05.29"]
[Round "7"]
[White "Bacrot, E."]
[Black "Dominguez Perez, L."]
[Result "1/2-1/2"]
[WhiteElo "2725"]
[BlackElo "2723"]
[PlyCount "160"]
[EventDate "2013.05.22"]

1. d4 Nf6 2. c4 e6 3. Nf3 Bb4+ 4. Bd2 Bxd2+ 5. Qxd2 d5 6. Nc3 O-O 7. e3 Qe7 8.
cxd5 exd5 9. Qc2 c6 10. Bd3 Nbd7 11. O-O Re8 12. Rab1 g6 13. b4 b6 14. a4 a5
15. bxa5 Rxa5 16. Rfd1 Bb7 17. h3 Rea8 18. Nd2 Ba6 19. Nb3 Bxd3 20. Rxd3 R5a6
21. Rdd1 Qe6 22. Nc1 Ne4 23. N1a2 Nxc3 24. Nxc3 Nf6 25. Ne2 Nd7 26. Rbc1 Rc8
27. Qb3 Rca8 28. Qc2 Rc8 29. Qb3 Rca8 30. Qc3 Nb8 31. Qb4 Nd7 32. Nf4 Qf6 33.
Qc3 Nb8 34. Qb4 Nd7 35. Qc3 Nb8 36. Rb1 Qd6 37. Rdc1 Rxa4 38. Rxb6 Rc4 39. Qe1
Nd7 40. Rbb1 Rxc1 41. Qxc1 Rb8 42. Rxb8+ Nxb8 43. Qb2 Nd7 44. Qb7 Kg7 45. Nd3
h5 46. Nb4 Qb8 47. Qxb8 Nxb8 48. h4 f6 49. f3 g5 50. Kh2 Kg6 51. Kg3 Kf5 52.
Kh3 Kg6 53. hxg5 fxg5 54. g4 Kh6 55. f4 Kg6 56. Kg3 Kh6 57. Kf3 Kg6 58. Kg3 Kh6
59. gxh5 Kxh5 60. Kh3 Nd7 61. Nxc6 g4+ 62. Kg2 Nb6 63. Ne7 Kh4 64. Nf5+ Kh5 65.
Kg3 Nc4 66. Kf2 Nd2 67. Kg2 Nc4 68. Kg1 Nb6 69. Ne7 g3 70. Kg2 Kg4 71. Ng8 Nc4
72. Nf6+ Kf5 73. Nxd5 Ke4 74. Nc7 Nxe3+ 75. Kxg3 Nf5+ 76. Kg4 Nxd4 77. Ne8 Kd5
78. Ng7 Ke4 79. Nh5 Kd5 80. f5 Nxf5 1/2-1/2

[Event "Makedonia Palace GP"]
[Site "Thessaloniki GRE"]
[Date "2013.05.29"]
[Round "7"]
[White "Morozevich, A."]
[Black "Caruana, F."]
[Result "0-1"]
[WhiteElo "2760"]
[BlackElo "2774"]
[PlyCount "124"]
[EventDate "2013.05.22"]

1. Nf3 Nf6 2. c4 c5 3. Nc3 d5 4. cxd5 Nxd5 5. e3 e6 6. Qc2 Be7 7. a3 O-O 8. b3
b6 9. Bb2 Ba6 10. Bxa6 Nxa6 11. h4 Nac7 12. Ne2 Bf6 13. Ng5 g6 14. Nf3 Bxb2 15.
Qxb2 f6 16. b4 e5 17. bxc5 bxc5 18. Qc2 Ne6 19. O-O Rc8 20. Rab1 Qd7 21. d3
Rfd8 22. Rfd1 Qc6 23. Nd2 Rd7 24. Rdc1 Nb6 25. h5 Kg7 26. Rb3 Rcd8 27. Ng3 Qd5
28. Rc3 Qc6 29. Rb3 Qd5 30. Nf3 Rc7 31. Rc3 Qd7 32. Nh4 Qa4 33. Qa2 Ng5 34. e4
Qb5 35. Qe2 Na4 36. Rc4 Nb6 37. hxg6 hxg6 38. Nxg6 Nxc4 39. dxc4 Qe8 40. Nh4
Kh8 41. Rd1 Rxd1+ 42. Qxd1 Rd7 43. Qg4 Rh7 44. Nhf5 Ne6 45. Ne3 Nf4 46. Nd5 Qb8
47. Nf1 Nh3+ 48. gxh3 Rg7 49. Nfe3 Rxg4+ 50. hxg4 Qb1+ 51. Kg2 Qxe4+ 52. Kg3 a5
53. a4 Qd4 54. Kh4 f5 55. Nxf5 Qxc4 56. Nde7 Qe6 57. Kh5 c4 58. Ng6+ Kg8 59.
Nh6+ Kg7 60. Nf5+ Kf7 61. Nh6+ Ke8 62. Nf5 Qf6 0-1